[Event "GER MS-286 email"]
[Site "GER email"]
[Date "2018.09.17"]
[Round "?"]
[White "Friedrich, Gerhard"]
[Black "Gronemann, Joern"]
[Result "0-1"]
[WhiteElo "1981"]
[BlackElo "1961"]
[PlyCount "156"]
[EventDate "2018.09.26"]
[EventType "tourn (corr)"]
[EventRounds "6"]
[EventCountry "GER"]
[SourceTitle "Corr 2020"]
[Source "ChessBase"]
[SourceDate "2019.09.30"]
[SourceVersion "1"]
[SourceVersionDate "2019.09.30"]
[SourceQuality "1"]

1. d4 Nf6 2. c4 e6 3. Nf3 d5 4. Bg5 Be7 5. e3 0-0 6. cxd5 exd5 7. Bd3 Re8 8. Nc3 Nbd7 9. Qb1 h6 10. Bf4 Nh5 11. Nxd5 Nxf4 12. Nxf4 Bb4+ 13. Kf1 Bd6 14. Nh5 Nf6 15. Nxf6+ Qxf6 16. e4 Bf8 17. h3 c5 18. d5 Bd6 19. Qc2 Rb8 20. Re1 b5 21. Qe2 c4 22. Bb1 Bf5 23. g4 Bg6 24. Kg2 Re7 25. b3 c3 26. Qd3 Rc8 27. Bc2 b4 28. Re2 Rce8 29. Rhe1 Qf4 30. Qe3 Qxe3 31. Rxe3 Bc5 32. R3e2 Kf8 33. Nh4 Bd6 34. Nxg6+ fxg6 35. h4 g5 36. hxg5 hxg5 37. Re3 g6 38. Rh3 Kg7 39. Kf3 Rf7+ 40. Ke2 Ref8 41. f3 Kf6 42. Kd3 Ke5 43. Bd1 Rc8 44. Kc2 a5 45. Rh6 Rf6 46. Re3 Rc7 47. Rh8 Rff7 48. Re1 Rh7 49. Re8+ Rce7 50. Rxe7+ Bxe7 51. Kd3 Rh2 52. Be2 Kd6 53. Kc4 Bf6 54. Bd3 Rf2 55. Rg1 Ke5 56. Ra1 Be7 57. Rg1 Rxa2 58. Rc1 Rf2 59. Rc2 Rxf3 60. Ra2 Bd8 61. Rg2 Bc7 62. Bc2 Kf4 63. Kb5 Be5 64. Kxa5 Rf1 65. Bd3 Rd1 66. Bc4 Ke3 67. Re2+ Kf3 68. Kxb4 Kxg4 69. Rc2 Kf4 70. Rf2+ Kg3 71. Rc2 g4 72. Bb5 Kf4 73. Ka5 g3 74. Bd7 Rd2 75. Rc1 g2 76. Bh3 c2 77. Bxg2 Rxg2 78. Kb5 Bb2 0-1

[Event "GER MS-281 email"]
[Site "GER email"]
[Date "2018.05.24"]
[Round "?"]
[White "Tacke, Hubert"]
[Black "Friedrich, Gerhard"]
[Result "1/2-1/2"]
[WhiteElo "1982"]
[BlackElo "1975"]
[PlyCount "104"]
[EventDate "2018.06.12"]
[EventType "tourn (corr)"]
[EventRounds "6"]
[EventCountry "GER"]
[SourceTitle "Corr 2020"]
[Source "ChessBase"]
[SourceDate "2019.09.30"]
[SourceVersion "1"]
[SourceVersionDate "2019.09.30"]
[SourceQuality "1"]

1. c4 e5 2. g3 Nf6 3. Bg2 Nc6 4. Nf3 d5 5. cxd5 Qxd5 6. Nc3 Qd6 7. d3 Be7 8. 0-0 0-0 9. Be3 Rd8 10. Rc1 a6 11. Bg5 h6 12. Bxf6 Qxf6 13. Nd2 Qe6 14. a3 Na7 15. Qc2 c6 16. Na4 Nb5 17. e3 g6 18. Nc4 Rb8 19. Nab6 Bf8 20. b4 Qf5 21. Nxc8 Rbxc8 22. Rfd1 Nd6 23. Na5 Rc7 24. Nb3 Ne8 25. Be4 Qg4 26. Qc3 Qg5 27. h4 Qe7 28. Nc5 Nd6 29. Bg2 Rcc8 30. Qb3 Bg7 31. a4 Rb8 32. Re1 Qc7 33. Rc2 h5 34. Rec1 Qe7 35. Ne4 Rd7 36. Nxd6 Qxd6 37. Rc3 Bf8 38. b5 cxb5 39. axb5 a5 40. Bh3 Re7 41. b6 Ra8 42. Rc4 a4 43. Rxa4 Rxa4 44. Qxa4 Qxb6 45. Qc2 Qd6 46. Qc4 Kg7 47. Bg2 Qb6 48. Qd5 f5 49. Rc4 Qb1+ 50. Bf1 Qb6 51. Be2 Qe6 52. Qa5 Qd7 1/2-1/2

[Event "GER MS-283 email"]
[Site "GER email"]
[Date "2018.05.24"]
[Round "?"]
[White "Zoll, Detlef"]
[Black "Friedrich, Gerhard"]
[Result "1-0"]
[WhiteElo "2032"]
[BlackElo "1981"]
[PlyCount "73"]
[EventDate "2018.06.12"]
[EventType "tourn (corr)"]
[EventRounds "6"]
[EventCountry "GER"]
[SourceTitle "Corr 2020"]
[Source "ChessBase"]
[SourceDate "2019.09.30"]
[SourceVersion "1"]
[SourceVersionDate "2019.09.30"]
[SourceQuality "1"]

1. e4 e5 2. Nf3 Nc6 3. Bc4 Nf6 4. d3 h6 5. 0-0 Bc5 6. c3 d6 7. a4 a5 8. Na3 0-0 9. Nc2 Ne7 10. d4 exd4 11. cxd4 Bb6 12. Re1 Bg4 13. h3 Bh5 14. Bf4 d5 15. exd5 Nfxd5 16. Bh2 Rc8 17. Qd3 c6 18. Nh4 Bc7 19. Ne3 Nxe3 20. Qxe3 Nd5 21. Bxd5 Qxh4 22. Bb3 Bxh2+ 23. Kxh2 Rfe8 24. Qd2 Bg4 25. Qf4 Qh5 26. Qxg4 Qxg4 27. hxg4 Kf8 28. Kg3 Red8 29. Re4 Re8 30. Rae1 Rxe4 31. Rxe4 b6 32. Kf4 Rd8 33. Bc4 g6 34. f3 b5 35. axb5 cxb5 36. Bxb5 Kg7 37. Bc6 1-0

[Event "GER MS-278 email"]
[Site "GER email"]
[Date "2018.02.10"]
[Round "?"]
[White "Friedrich, Gerhard"]
[Black "Markus, Roland"]
[Result "1/2-1/2"]
[WhiteElo "1975"]
[BlackElo "2040"]
[PlyCount "78"]
[EventDate "2018.02.19"]
[EventType "tourn (corr)"]
[EventRounds "6"]
[EventCountry "GER"]
[SourceTitle "Corr 2020"]
[Source "ChessBase"]
[SourceDate "2019.09.30"]
[SourceVersion "1"]
[SourceVersionDate "2019.09.30"]
[SourceQuality "1"]

1. e4 e5 2. Nf3 Nc6 3. Bb5 a6 4. Ba4 Nf6 5. 0-0 Be7 6. Re1 b5 7. Bb3 0-0 8. c3 d6 9. Qe2 Re8 10. a4 Bd7 11. d4 h6 12. d5 Na5 13. Bc2 c6 14. dxc6 Nxc6 15. b4 Rb8 16. Be3 Bf8 17. axb5 axb5 18. Na3 Qc8 19. Nxb5 d5 20. Na3 d4 21. cxd4 Bxb4 22. Reb1 exd4 23. Bf4 Ra8 24. Nb5 Rxa1 25. Rxa1 Nd5 26. Bd6 Nc3 27. Nxc3 dxc3 28. Qd3 g6 29. Rb1 Bxd6 30. Qxd6 Bg4 31. Bb3 Be6 32. Bc2 Rd8 33. Qf4 Qa8 34. Qf6 Qa3 35. h4 Qc5 36. Rb3 Bxb3 37. Bxb3 Rd7 38. e5 c2 39. Qxg6+ Kf8 1/2-1/2

[Event "GER MS-274 email"]
[Site "GER email"]
[Date "2018.01.06"]
[Round "?"]
[White "Friedrich, Gerhard"]
[Black "Woelfelschneider, Peter"]
[Result "1-0"]
[WhiteElo "1940"]
[BlackElo "2019"]
[PlyCount "48"]
[EventDate "2018.01.15"]
[EventType "tourn (corr)"]
[EventRounds "6"]
[EventCountry "GER"]
[SourceTitle "Corr 2020"]
[Source "ChessBase"]
[SourceDate "2019.09.30"]
[SourceVersion "1"]
[SourceVersionDate "2019.09.30"]
[SourceQuality "1"]

1. e4 e5 2. Nf3 Nc6 3. Bb5 a6 4. Ba4 Nf6 5. 0-0 Be7 6. Re1 b5 7. Bb3 0-0 8. c3 d6 9. h3 Bb7 10. d4 Re8 11. Nbd2 Bf8 12. a3 h6 13. Bc2 Nb8 14. b4 Nbd7 15. Bb2 a5 16. Rb1 c6 17. c4 axb4 18. axb4 exd4 19. Bxd4 bxc4 20. Nxc4 Ba6 21. Nxd6 Bxd6 22. e5 c5 23. bxc5 Bxc5 24. Bxc5 Nxe5 1-0

[Event "GER MS-274 email"]
[Site "GER email"]
[Date "2018.01.06"]
[Round "?"]
[White "Herzog, Klaus"]
[Black "Friedrich, Gerhard"]
[Result "1/2-1/2"]
[WhiteElo "1920"]
[BlackElo "1940"]
[PlyCount "78"]
[EventDate "2018.01.15"]
[EventType "tourn (corr)"]
[EventRounds "6"]
[EventCountry "GER"]
[SourceTitle "Corr 2020"]
[Source "ChessBase"]
[SourceDate "2019.09.30"]
[SourceVersion "1"]
[SourceVersionDate "2019.09.30"]
[SourceQuality "1"]

1. e4 e5 2. Nf3 Nf6 3. Nxe5 d6 4. Nf3 Nxe4 5. d4 d5 6. Bd3 Bd6 7. 0-0 0-0 8. c4 c6 9. Re1 Bf5 10. Qc2 Bg6 11. c5 Bc7 12. Nc3 Na6 13. a3 f5 14. b4 Nb8 15. Ne5 Nd7 16. Nxg6 hxg6 17. Be3 Ndf6 18. Nxe4 Nxe4 19. a4 g5 20. g3 g4 21. b5 Qd7 22. Rab1 Qe6 23. bxc6 bxc6 24. Rb7 Rf7 25. Rd1 a6 26. Rdb1 a5 27. Kh1 Qf6 28. Qb2 Qe6 29. Kg1 Re8 30. Bxe4 Qxe4 31. Rf1 Qf3 32. Bd2 Qd3 33. Qc3 Qa6 34. Rfb1 Re4 35. Kg2 Qc4 36. Qxc4 dxc4 37. Bc3 Re2 38. R1b2 Rxb2 39. Bxb2 Kf8 1/2-1/2

[Event "GER MS-274 email"]
[Site "GER email"]
[Date "2018.01.06"]
[Round "?"]
[White "Schwamberger, Jessica"]
[Black "Friedrich, Gerhard"]
[Result "1-0"]
[WhiteElo "2025"]
[BlackElo "1940"]
[PlyCount "107"]
[EventDate "2018.01.15"]
[EventType "tourn (corr)"]
[EventRounds "6"]
[EventCountry "GER"]
[SourceTitle "Corr 2020"]
[Source "ChessBase"]
[SourceDate "2019.09.30"]
[SourceVersion "1"]
[SourceVersionDate "2019.09.30"]
[SourceQuality "1"]

1. d4 d5 2. c4 e6 3. Nc3 c6 4. Nf3 Nf6 5. e3 Nbd7 6. Qc2 Bd6 7. Bd3 0-0 8. 0-0 dxc4 9. Bxc4 b5 10. Bd3 Bb7 11. a3 a6 12. Ng5 Bxh2+ 13. Kxh2 Ng4+ 14. Kg1 Qxg5 15. f3 Ngf6 16. e4 Qh4 17. Be3 Nh5 18. Ne2 h6 19. Qd2 e5 20. Qe1 Qxe1 21. Rfxe1 exd4 22. Nxd4 Ne5 23. Rad1 Rad8 24. Bc2 Bc8 25. Kf2 Nf6 26. Bf4 Nc4 27. Nxc6 Rxd1 28. Rxd1 Be6 29. Bc1 Bd7 30. Ne7+ Kh8 31. b3 Re8 32. bxc4 Rxe7 33. c5 Kg8 34. Bb2 a5 35. Rd6 Kf8 36. Bc3 Re6 37. Bxf6 Rxd6 38. Bxg7+ Kxg7 39. cxd6 Be6 40. Bd3 b4 41. axb4 axb4 42. Ke3 Kf8 43. Kd4 b3 44. Kc3 f6 45. Bb5 h5 46. f4 h4 47. f5 Bg8 48. Ba4 Bf7 49. Bxb3 Bh5 50. Ba4 Bg4 51. Bc6 h3 52. gxh3 Bxh3 53. d7 Ke7 54. e5 1-0

[Event "GER MS-273 email"]
[Site "GER email"]
[Date "2017.11.25"]
[Round "?"]
[White "Herzog, Klaus"]
[Black "Friedrich, Gerhard"]
[Result "1/2-1/2"]
[WhiteElo "1953"]
[BlackElo "1940"]
[PlyCount "79"]
[EventDate "2017.12.01"]
[EventType "tourn (corr)"]
[EventRounds "6"]
[EventCountry "GER"]
[SourceTitle "Corr 2020"]
[Source "ChessBase"]
[SourceDate "2019.09.30"]
[SourceVersion "1"]
[SourceVersionDate "2019.09.30"]
[SourceQuality "1"]

1. e4 e5 2. Nf3 Nc6 3. Bc4 Bc5 4. c3 Nf6 5. d3 a6 6. Bb3 0-0 7. Nbd2 d6 8. h3 Re8 9. 0-0 Be6 10. Re1 Bxb3 11. Qxb3 Qd7 12. Nf1 h6 13. Be3 Bxe3 14. Nxe3 Ne7 15. Nh4 c6 16. Qb6 d5 17. Rad1 Rad8 18. a4 Nc8 19. Qb4 Qc7 20. exd5 cxd5 21. Nhf5 Qd7 22. d4 e4 23. Rf1 Re6 24. a5 Nh5 25. f3 Nf6 26. fxe4 Nxe4 27. c4 dxc4 28. Nxc4 Rf6 29. Ne5 Qd5 30. Ne3 Rxf1+ 31. Rxf1 Qxd4 32. Qxd4 Rxd4 33. Rxf7 Ncd6 34. Rd7 Rb4 35. Nd5 Rxb2 36. Ne7+ Kh7 37. N5g6 Rb1+ 38. Kh2 Nf7 39. Nf8+ Kh8 40. Nfg6+ 1/2-1/2

[Event "GER MS-269 email"]
[Site "GER email"]
[Date "2017.09.08"]
[Round "?"]
[White "Friedrich, Gerhard"]
[Black "Herzog, Klaus"]
[Result "1/2-1/2"]
[WhiteElo "1890"]
[BlackElo "1885"]
[PlyCount "76"]
[EventDate "2017.09.14"]
[EventType "tourn (corr)"]
[EventRounds "6"]
[EventCountry "GER"]
[SourceTitle "Corr 2020"]
[Source "ChessBase"]
[SourceDate "2019.09.30"]
[SourceVersion "1"]
[SourceVersionDate "2019.09.30"]
[SourceQuality "1"]

1. e4 e5 2. Nf3 Nc6 3. d4 exd4 4. Nxd4 Nf6 5. Nxc6 bxc6 6. Bd3 d5 7. Qe2 dxe4 8. Nc3 Bb4 9. Bxe4 Bxc3+ 10. bxc3 Nxe4 11. Qxe4+ Qe7 12. Qxe7+ Kxe7 13. Bf4 Be6 14. Bxc7 Rhe8 15. a4 Kd7 16. Bf4 Bd5+ 17. Kd2 Bxg2 18. Rhg1 Re4 19. Be3 Rg4 20. Rab1 a5 21. Rb7+ Ke6 22. c4 f6 23. Kc3 h6 24. Re1 h5 25. Rc7 Kf5 26. f3 Rh4 27. Rxg7 Bxf3 28. Rf1 Rh3 29. Bd4 Rd8 30. Bb6 Rd1 31. Rf2 Ra1 32. Bc7 Rxa4 33. Kd3 Ra3+ 34. c3 h4 35. Bg3 hxg3 36. Rxf3+ Ke5 37. hxg3 Ra1 38. Ra7 a4 1/2-1/2

[Event "GER MS-269 email"]
[Site "GER email"]
[Date "2017.09.08"]
[Round "?"]
[White "Friedrich, Gerhard"]
[Black "Woll, Uwe"]
[Result "1/2-1/2"]
[WhiteElo "1890"]
[BlackElo "2025"]
[PlyCount "70"]
[EventDate "2017.09.14"]
[EventType "tourn (corr)"]
[EventRounds "6"]
[EventCountry "GER"]
[SourceTitle "Corr 2020"]
[Source "ChessBase"]
[SourceDate "2019.09.30"]
[SourceVersion "1"]
[SourceVersionDate "2019.09.30"]
[SourceQuality "1"]

1. e4 c6 2. d4 d5 3. exd5 cxd5 4. Bd3 Nc6 5. c3 Qc7 6. Na3 a6 7. Nc2 Nf6 8. h3 e6 9. Nf3 b5 10. 0-0 Bb7 11. Qe2 h6 12. Ne3 Be7 13. Re1 Ne4 14. Ng4 Bd6 15. Nd2 h5 16. Ne3 Ne7 17. Nc2 f5 18. Nf3 Ng6 19. a4 bxa4 20. Rxa4 0-0 21. Bxa6 Bc6 22. Ra1 Qb6 23. Ng5 Rf6 24. c4 Qb8 25. Nxe4 fxe4 26. c5 Bf4 27. Qxh5 Bxc1 28. Rexc1 Nf4 29. Qe5 Qxb2 30. Rab1 Qa2 31. Bf1 Raf8 32. Nb4 Qa3 33. Rc2 Ba4 34. Ra2 Nxh3+ 35. gxh3 Rg6+ 1/2-1/2

[Event "GER MS-269 email"]
[Site "GER email"]
[Date "2017.09.08"]
[Round "?"]
[White "Vieth, Martin"]
[Black "Friedrich, Gerhard"]
[Result "1/2-1/2"]
[WhiteElo "1929"]
[BlackElo "1890"]
[PlyCount "33"]
[EventDate "2017.09.14"]
[EventType "tourn (corr)"]
[EventRounds "6"]
[EventCountry "GER"]
[SourceTitle "Corr 2020"]
[Source "ChessBase"]
[SourceDate "2019.09.30"]
[SourceVersion "1"]
[SourceVersionDate "2019.09.30"]
[SourceQuality "1"]

1. e4 e5 2. Nf3 Nc6 3. Bb5 a6 4. Bxc6 dxc6 5. 0-0 Bd6 6. d4 exd4 7. Qxd4 f6 8. Be3 Ne7 9. Nbd2 Be6 10. Qc3 Qd7 11. Nd4 0-0-0 12. Rad1 f5 13. Rfe1 Ng6 14. exf5 Bxf5 15. Bg5 Rde8 16. Nc4 Rxe1+ 17. Rxe1 1/2-1/2

[Event "GER HS-231 email"]
[Site "GER email"]
[Date "2017.08.29"]
[Round "?"]
[White "Kuehn, Juergen"]
[Black "Friedrich, Gerhard"]
[Result "1-0"]
[WhiteElo "1989"]
[BlackElo "1890"]
[PlyCount "65"]
[EventDate "2017.09.04"]
[EventType "tourn (corr)"]
[EventRounds "6"]
[EventCountry "GER"]
[SourceTitle "Corr 2022"]
[Source "ChessBase"]
[SourceDate "2021.10.24"]
[SourceVersion "1"]
[SourceVersionDate "2021.10.24"]
[SourceQuality "1"]

1. d4 Nf6 2. c4 e6 3. Nf3 d5 4. Nc3 c6 5. Bg5 dxc4 6. e4 b5 7. e5 h6 8. Bh4 g5 9. Nxg5 hxg5 10. Bxg5 Nbd7 11. exf6 Bb7 12. g3 Qb6 13. Bg2 0-0-0 14. 0-0 Ne5 15. dxe5 Rxd1 16. Rfxd1 b4 17. Ne4 c5 18. Rac1 Bd5 19. Nd2 Rh5 20. h4 c3 21. bxc3 bxc3 22. Ne4 Qc6 23. Rxd5 exd5 24. Nxc3 Qe6 25. Nxd5 Kd8 26. Rd1 Qg4 27. Ne3+ Qd4 28. Rxd4+ cxd4 29. Nc4 d3 30. Bd5 Ke8 31. e6 fxe6 32. Be4 Rh7 33. Bxh7 1-0

[Event "GER HS-231 email"]
[Site "GER email"]
[Date "2017.08.29"]
[Round "?"]
[White "Zordick, Milon"]
[Black "Friedrich, Gerhard"]
[Result "1/2-1/2"]
[WhiteElo "1988"]
[BlackElo "1890"]
[PlyCount "72"]
[EventDate "2017.09.04"]
[EventType "tourn (corr)"]
[EventRounds "6"]
[EventCountry "GER"]
[SourceTitle "Corr 2022"]
[Source "ChessBase"]
[SourceDate "2021.10.24"]
[SourceVersion "1"]
[SourceVersionDate "2021.10.24"]
[SourceQuality "1"]

1. e4 e5 2. Nf3 Nc6 3. Bb5 Bc5 4. c3 Nf6 5. d4 exd4 6. e5 Ne4 7. cxd4 Bb4+ 8. Nbd2 0-0 9. 0-0 d5 10. Qa4 a5 11. a3 Bxd2 12. Nxd2 Ne7 13. Qd1 Nf5 14. Nxe4 dxe4 15. d5 c6 16. dxc6 Qb6 17. cxb7 Bxb7 18. Bd7 Qg6 19. Be3 Ba6 20. Re1 Rfd8 21. Bc5 Nh4 22. Qg4 Nxg2 23. Qxg6 hxg6 24. Red1 Nf4 25. Rd6 Bc4 26. Bc6 Rac8 27. Rxd8+ Rxd8 28. Bxe4 Bd5 29. Rd1 Rc8 30. Be3 Bxe4 31. Bxf4 Rc2 32. Rd8+ Kh7 33. Rb8 g5 34. Bxg5 Kg6 35. Be3 Kf5 36. h3 Kxe5 1/2-1/2

[Event "GER HS-225 email"]
[Site "GER email"]
[Date "2017.05.31"]
[Round "?"]
[White "Kunze, Juergen"]
[Black "Friedrich, Gerhard"]
[Result "1-0"]
[WhiteElo "1958"]
[BlackElo "1890"]
[PlyCount "117"]
[EventDate "2017.06.06"]
[EventType "tourn (corr)"]
[EventRounds "6"]
[EventCountry "GER"]
[SourceTitle "Corr 2020"]
[Source "ChessBase"]
[SourceDate "2019.09.30"]
[SourceVersion "1"]
[SourceVersionDate "2019.09.30"]
[SourceQuality "1"]

1. e4 c5 2. Nf3 e6 3. d4 cxd4 4. Nxd4 Nf6 5. Nc3 Nc6 6. Ndb5 Bb4 7. Bf4 Nxe4 8. Qf3 Nxc3 9. bxc3 Ba5 10. Nd6+ Kf8 11. 0-0-0 Qf6 12. Ne4 Qg6 13. Bd6+ Kg8 14. g4 Bd8 15. Be2 f6 16. h4 Qf7 17. h5 h6 18. Kb1 b6 19. Rhe1 Bb7 20. Bg3 Na5 21. Bb5 Bc6 22. Bxc6 Nxc6 23. Qd3 d5 24. Nd6 Qd7 25. Qe2 Be7 26. Qxe6+ Qxe6 27. Rxe6 Bxd6 28. Rxd6 Na5 29. R6xd5 Kh7 30. Rd7 Rhe8 31. Rc7 Rec8 32. Rdd7 Rxc7 33. Rxc7 Re8 34. c4 Re4 35. c5 bxc5 36. f3 Re3 37. Rxc5 Nb7 38. Rb5 Nd8 39. Rb3 Re2 40. c4 Rg2 41. Bd6 Rg1+ 42. Kb2 Rf1 43. c5 Nc6 44. Ka3 Kg8 45. Ka4 Kf7 46. Rb7+ Ke6 47. f4 Kd5 48. Rxg7 Kc4 49. a3 Rb1 50. Rc7 Kd5 51. Bf8 a6 52. Rd7+ Kc4 53. Rd6 Rb8 54. Bxh6 Ne7 55. c6 Nd5 56. c7 Rc8 57. Rc6+ Kd4 58. Bg7 Nxc7 59. h6 1-0

[Event "GER HS-222 email"]
[Site "GER email"]
[Date "2017.04.06"]
[Round "?"]
[White "Ruppelt, Karl Heinz"]
[Black "Friedrich, Gerhard"]
[Result "1/2-1/2"]
[WhiteElo "1873"]
[BlackElo "1856"]
[PlyCount "68"]
[EventDate "2017.04.11"]
[EventType "tourn (corr)"]
[EventRounds "6"]
[EventCountry "GER"]
[SourceTitle "Corr 2020"]
[Source "ChessBase"]
[SourceDate "2019.09.30"]
[SourceVersion "1"]
[SourceVersionDate "2019.09.30"]
[SourceQuality "1"]

1. d4 Nf6 2. c4 e6 3. Nf3 b6 4. Nc3 Bb4 5. Qc2 Bb7 6. e3 Be7 7. e4 Bb4 8. Bd3 Bxc3+ 9. bxc3 d6 10. 0-0 Nbd7 11. a4 a5 12. Ba3 Nh5 13. g3 g6 14. Qe2 c5 15. d5 0-0 16. Bc1 Re8 17. Qc2 Ba6 18. Rb1 exd5 19. exd5 Ng7 20. Bf4 Ne5 21. Nxe5 dxe5 22. Be3 Bc8 23. Qb3 Ra6 24. Qb5 f6 25. Bh6 Nf5 26. Bxf5 gxf5 27. f3 Kh8 28. Rf2 Rg8 29. Kh1 Rg6 30. Bd2 Rg8 31. Re2 Ra7 32. Be1 Rb7 33. Reb2 Rgg7 34. Bf2 Qf8 1/2-1/2

[Event "GER HS-217 email"]
[Site "GER email"]
[Date "2016.12.16"]
[Round "?"]
[White "Dahm, Winfried Karl"]
[Black "Friedrich, Gerhard"]
[Result "1/2-1/2"]
[WhiteElo "1841"]
[BlackElo "1855"]
[PlyCount "89"]
[EventDate "2016.12.21"]
[EventType "tourn (corr)"]
[EventRounds "6"]
[EventCountry "GER"]
[SourceTitle "Corr 2020"]
[Source "ChessBase"]
[SourceDate "2019.09.30"]
[SourceVersion "1"]
[SourceVersionDate "2019.09.30"]
[SourceQuality "1"]

1. d4 d5 2. c4 c5 3. cxd5 Qxd5 4. Nf3 cxd4 5. Qxd4 Qxd4 6. Nxd4 Bd7 7. e4 a6 8. Be3 e5 9. Nf3 Nc6 10. Nc3 Nf6 11. Bd3 Be7 12. 0-0 Be6 13. Rfd1 h6 14. Rac1 Rd8 15. Ne1 Rd6 16. f3 0-0 17. Bc5 Rd7 18. Bxe7 Nxe7 19. Bc2 Rc8 20. Nd3 Nc6 21. Kf2 Rd4 22. Ne2 Rd7 23. Ke3 Bxa2 24. Ba4 Rcd8 25. Bxc6 bxc6 26. Rc3 Rd6 27. Rdc1 Bc4 28. Nxe5 Bxe2 29. Nxc6 Bb5 30. Nxd8 Rxd8 31. Rc8 Rxc8 32. Rxc8+ Kh7 33. g3 Nd7 34. Kd4 g6 35. f4 h5 36. Rc7 Kg7 37. Rb7 Kf6 38. Kd5 Ke7 39. b4 Be2 40. Rc7 Bf1 41. Ra7 Bb5 42. Kd4 Ke6 43. Rc7 Nb6 44. h3 Nd7 45. Rc8 1/2-1/2

[Event "GER HS-217 email"]
[Site "GER email"]
[Date "2016.12.16"]
[Round "?"]
[White "Friedrich, Gerhard"]
[Black "Langhans, Heiko"]
[Result "0-1"]
[WhiteElo "1855"]
[BlackElo "1925"]
[PlyCount "44"]
[EventDate "2016.12.21"]
[EventType "tourn (corr)"]
[EventRounds "6"]
[EventCountry "GER"]
[SourceTitle "Corr 2020"]
[Source "ChessBase"]
[SourceDate "2019.09.30"]
[SourceVersion "1"]
[SourceVersionDate "2019.09.30"]
[SourceQuality "1"]

1. e4 e5 2. Nf3 Nc6 3. Bb5 a6 4. Ba4 Nf6 5. d3 b5 6. Bb3 Be7 7. a3 0-0 8. 0-0 d5 9. exd5 Nxd5 10. Nc3 Nxc3 11. bxc3 Bb7 12. a4 Na5 13. Nxe5 Nxb3 14. cxb3 b4 15. Bb2 Qd5 16. Nf3 bxc3 17. Bxc3 Bd6 18. Re1 Rae8 19. b4 Rxe1+ 20. Nxe1 Re8 21. Qg4 Bf8 22. Qc4 Rxe1+ 0-1

[Event "GER HS-217 email"]
[Site "GER email"]
[Date "2016.12.16"]
[Round "?"]
[White "Friedrich, Gerhard"]
[Black "Marten, Gero"]
[Result "1/2-1/2"]
[WhiteElo "1855"]
[BlackElo "1870"]
[PlyCount "95"]
[EventDate "2016.12.21"]
[EventType "tourn (corr)"]
[EventRounds "6"]
[EventCountry "GER"]
[SourceTitle "Corr 2020"]
[Source "ChessBase"]
[SourceDate "2019.09.30"]
[SourceVersion "1"]
[SourceVersionDate "2019.09.30"]
[SourceQuality "1"]

1. e4 c5 2. Nf3 d6 3. Nc3 a6 4. d4 cxd4 5. Nxd4 Nf6 6. Be2 e5 7. Nb3 Be7 8. 0-0 0-0 9. Be3 Be6 10. Qd3 Nc6 11. Rfd1 Rc8 12. a3 Na5 13. Nxa5 Qxa5 14. Rac1 b5 15. f3 h6 16. Qd2 Qc7 17. Nd5 Nxd5 18. exd5 Bd7 19. Bd3 f5 20. c4 Qb8 21. b4 bxc4 22. Bxc4 Bb5 23. Bd3 Bh4 24. Rxc8 Qxc8 25. Rc1 Qd7 26. Bxb5 Qxb5 27. Rc6 e4 28. f4 Rd8 29. Rc7 Bf6 30. h3 Qa4 31. Bd4 Rf8 32. Bxf6 Rxf6 33. Rc3 Qb5 34. Rc6 Qa4 35. Rc3 Qb5 36. Kf2 Rg6 37. Qd4 a5 38. g4 axb4 39. Rb3 e3+ 40. Rxe3 bxa3 41. gxf5 Rf6 42. Rxa3 Qb1 43. Qd3 Qxd3 44. Rxd3 Rxf5 45. Kf3 g5 46. Rd4 gxf4 47. Re4 Rxd5 48. Re7 1/2-1/2

[Event "GER HS-216 email"]
[Site "GER email"]
[Date "2016.12.01"]
[Round "?"]
[White "Friedrich, Gerhard"]
[Black "Ilzig, Gerhard Gunther"]
[Result "1/2-1/2"]
[WhiteElo "1856"]
[BlackElo "1939"]
[PlyCount "99"]
[EventDate "2016.12.05"]
[EventType "tourn (corr)"]
[EventRounds "6"]
[EventCountry "GER"]
[SourceTitle "Corr 2020"]
[Source "ChessBase"]
[SourceDate "2019.09.30"]
[SourceVersion "1"]
[SourceVersionDate "2019.09.30"]
[SourceQuality "1"]

1. e4 e5 2. Nf3 Nc6 3. Bb5 a6 4. Ba4 Nf6 5. 0-0 b5 6. Bb3 Bb7 7. d3 Be7 8. Nbd2 0-0 9. Re1 Re8 10. a4 d6 11. Nf1 Bf8 12. Bg5 h6 13. Bh4 Nb8 14. c4 b4 15. c5 dxc5 16. Ne3 Bc8 17. Nd5 Nbd7 18. a5 Be7 19. Ne3 Nh7 20. Bxe7 Qxe7 21. Rc1 Rb8 22. h3 Nhf6 23. Ba4 Rd8 24. Qe2 g6 25. Nc4 Kg7 26. Qe3 Bb7 27. Ncd2 Qe6 28. Rc4 Bc6 29. Bxc6 Qxc6 30. Nb3 Rb5 31. Rec1 Qd6 32. Ne1 Rc8 33. g3 c6 34. Kg2 h5 35. Nxc5 Nxc5 36. Rxc5 Nd7 37. Rxb5 axb5 38. f4 Ra8 39. fxe5 Nxe5 40. Qc5 Qf6 41. Rc2 Rd8 42. Rf2 Qd6 43. Rc2 b3 44. Qxd6 Rxd6 45. Rc5 Nxd3 46. Nxd3 Rxd3 47. Rxc6 Rd2+ 48. Kf3 Rxb2 49. Rb6 Ra2 50. Rxb5 1/2-1/2

[Event "GER HS-215 email"]
[Site "GER email"]
[Date "2016.11.07"]
[Round "?"]
[White "Friedrich, Gerhard"]
[Black "Semmler, Josef"]
[Result "1/2-1/2"]
[WhiteElo "1856"]
[BlackElo "1954"]
[PlyCount "98"]
[EventDate "2016.11.11"]
[EventType "tourn (corr)"]
[EventRounds "6"]
[EventCountry "GER"]
[SourceTitle "Corr 2020"]
[Source "ChessBase"]
[SourceDate "2019.09.30"]
[SourceVersion "1"]
[SourceVersionDate "2019.09.30"]
[SourceQuality "1"]

1. e4 c5 2. Nf3 d6 3. d4 cxd4 4. Nxd4 Nf6 5. Nc3 a6 6. Be3 e5 7. Nb3 Be6 8. f3 Be7 9. Qd2 0-0 10. 0-0-0 Nbd7 11. g4 b5 12. g5 b4 13. Ne2 Ne8 14. f4 a5 15. f5 a4 16. Nbd4 exd4 17. Nxd4 b3 18. Kb1 bxc2+ 19. Nxc2 Bb3 20. axb3 axb3 21. Na3 Ne5 22. Qg2 Qb8 23. Bf4 Kh8 24. h4 f6 25. Qe2 Qb7 26. Rh3 Ra4 27. Re3 g6 28. Qb5 Qa8 29. fxg6 Nxg6 30. Bg3 fxg5 31. hxg5 Ra5 32. Qxb3 Bxg5 33. Red3 Bf6 34. Be1 Ra7 35. Rd5 Nf4 36. Rf5 Qxe4+ 37. Qc2 Qxc2+ 38. Kxc2 Bg7 39. Rxf8+ Bxf8 40. Nb5 Rf7 41. Bc4 d5 42. Bxd5 Nxd5 43. Rxd5 Nf6 44. Rd3 h5 45. Nd4 Rc7+ 46. Rc3 Rxc3+ 47. Kxc3 Kh7 48. b4 Nd5+ 49. Kc4 Nxb4 1/2-1/2

[Event "GER HS-215 email"]
[Site "GER email"]
[Date "2016.11.07"]
[Round "?"]
[White "Sonnenfeld, Wieland"]
[Black "Friedrich, Gerhard"]
[Result "0-1"]
[WhiteElo "1884"]
[BlackElo "1856"]
[PlyCount "70"]
[EventDate "2016.11.11"]
[EventType "tourn (corr)"]
[EventRounds "6"]
[EventCountry "GER"]
[SourceTitle "Corr 2020"]
[Source "ChessBase"]
[SourceDate "2019.09.30"]
[SourceVersion "1"]
[SourceVersionDate "2019.09.30"]
[SourceQuality "1"]

1. f4 Nf6 2. Nf3 g6 3. c4 Bg7 4. d4 0-0 5. Nc3 d5 6. cxd5 Nxd5 7. e4 Nxc3 8. bxc3 c5 9. Rb1 Bg4 10. e5 cxd4 11. cxd4 Nc6 12. Be2 Be6 13. Rxb7 Bxa2 14. 0-0 Bd5 15. Rb1 a5 16. Ba3 a4 17. Rc1 Bh6 18. g3 Na5 19. Nd2 Nb3 20. Nxb3 axb3 21. Bc5 Qd7 22. Bf3 Rfb8 23. Rb1 Ra2 24. Rf2 Rxf2 25. Kxf2 Bf8 26. Qh1 Bc4 27. Qc1 Bd3 28. Rb2 e6 29. Qe3 Qb5 30. Bd1 Qa6 31. Qc1 Bc4 32. Bd6 Rc8 33. Qd2 Qa4 34. g4 Bd5 35. Rb1 Rc6 0-1